Elmer and the dragon / (Record no. 342091)
[ view plain ]
| 000 -LEADER | |
|---|---|
| fixed length control field | 00493nam a2200193Ia 4500 |
| 008 - FIXED-LENGTH DATA ELEMENTS--GENERAL INFORMATION | |
| fixed length control field | 170918s9999 xx 000 0 und d |
| 020 ## - INTERNATIONAL STANDARD BOOK NUMBER | |
| International Standard Book Number | 590637541 |
| 050 ## - LIBRARY OF CONGRESS CALL NUMBER | |
| Item number | G198 1950 |
| 100 ## - MAIN ENTRY--PERSONAL NAME | |
| Personal name | Gannett, Ruth Stiles |
| 245 ## - TITLE STATEMENT | |
| Title | Elmer and the dragon / |
| 245 ## - TITLE STATEMENT | |
| Statement of responsibility, etc | Ruth Stiles Gannett ; illustrated by Chrisman Gannett. |
| 260 ## - PUBLICATION, DISTRIBUTION, ETC. (IMPRINT) | |
| Place of publication, distribution, etc | New York : |
| 260 ## - PUBLICATION, DISTRIBUTION, ETC. (IMPRINT) | |
| Name of publisher, distributor, etc | Scholastic, |
| 260 ## - PUBLICATION, DISTRIBUTION, ETC. (IMPRINT) | |
| Date of publication, distribution, etc | 1950 |
| 300 ## - PHYSICAL DESCRIPTION | |
| Extent | 77 pages : |
| 300 ## - PHYSICAL DESCRIPTION | |
| Other physical details | colored illustration ; |
| 300 ## - PHYSICAL DESCRIPTION | |
| Dimensions | 19cm. |
| 500 ## - GENERAL NOTE | |
| General note | 800 |
| Withdrawn status | Lost status | Damaged status | Home library | Current library | Date acquired | Total Checkouts | Full call number | Barcode | Date last seen | Price effective from | Koha item type |
|---|---|---|---|---|---|---|---|---|---|---|---|
| Stonyhurst Southville International School (Malarayat) | Stonyhurst Southville International School (Malarayat) | 09/18/2017 | LEX G198 1950 | SSISM1163 | 09/18/2017 | 09/18/2017 | Lexile |